| Tag |
First Indicator |
Second Indicator |
Subfields |
| LEADER |
00000cam a2200000 4500 |
| 001 |
in00000073323 |
| 005 |
20151008052524.0 |
| 008 |
750910r19571952nyu 00000 eng d |
| 010 |
|
|
|a 57001704
|
| 035 |
|
|
|a (OCoLC)01615974
|
| 035 |
|
|
|9 AAH3718AM
|
| 040 |
|
|
|a CoU
|c DZM
|d TXA
|d UtOrBLW
|
| 049 |
|
|
|a TXAM
|c [276488]
|
| 050 |
0 |
0 |
|a L901
|b .A492 1957
|
| 082 |
0 |
|
|a 378.73
|
| 092 |
|
|
|a 378.73
|b A213h, 1957
|
| 100 |
1 |
|
|a Adams George,
|c pseud.
|
| 245 |
1 |
0 |
|a How to pay for that college education and find the most suitable college.
|
| 264 |
|
2 |
|a Greenlawn, N. Y. :
|b Harian Publications; trade distributor: Greenberg [New York],
|c [1957]
|
| 300 |
|
|
|a 258 pages ;
|c 23 cm.
|
| 336 |
|
|
|a text
|b txt
|2 rdacontent
|
| 337 |
|
|
|a unmediated
|b n
|2 rdamedia
|
| 338 |
|
|
|a volume
|b nc
|2 rdacarrier
|
| 500 |
|
|
|a First published in 1952 under title: How to afford that college education--and where to study.
|
| 650 |
|
0 |
|a Universities and colleges
|z United States
|v Directories.
|
| 650 |
|
0 |
|a Student aid.
|
| 999 |
|
|
|a MARS
|
| 999 |
f |
f |
|s 5c15d38c-3376-379f-a402-e990429c3b07
|i a9515a44-860f-32f6-ae61-e4bf4b26523e
|t 0
|
| 952 |
f |
f |
|p normal
|a Texas A&M University
|b College Station
|c Sterling C. Evans Library
|d Evans: Library Stacks
|t 0
|e L901 .A492 1957
|h Library of Congress classification
|i unmediated -- volume
|m A14800864142
|
| 998 |
f |
f |
|a L901 .A492 1957
|t 0
|l Evans: Library Stacks
|